| 000 | 00563nam a2200181 a 4500 | ||
|---|---|---|---|
| 005 | 20220923063443.0 | ||
| 008 | 991125m19641975mx 000 0 spa u | ||
| 035 | _aUPN01000024924 | ||
| 049 | _aCG | ||
| 050 | 4 |
_aHC51 _bH4.38 |
|
| 100 | 1 |
_aHeilbroner, Robert L., _d1919-2005 _942756 |
|
| 245 | 1 | 3 |
_aLa formación de la sociedad económica / _cRobert L. Heilbroner ; tr. Sonia Tancredi. |
| 260 |
_aMéxico : _bFCE, _c1964 (1975 impr.). |
||
| 300 | _a422 p. | ||
| 440 | 0 | _aSección de obras de economía | |
| 650 | 7 |
_aHistoria económica _2 _910243 |
|
| 905 | _aLibro | ||
| 999 |
_c24924 _d24924 |
||